LEADER 02474nam 2200577 450 001 9910460352303321 005 20200520144314.0 010 $a1-78023-330-2 035 $a(CKB)3710000000268148 035 $a(EBL)1823227 035 $a(SSID)ssj0001416055 035 $a(PQKBManifestationID)11926530 035 $a(PQKBTitleCode)TC0001416055 035 $a(PQKBWorkID)11353564 035 $a(PQKB)10229681 035 $a(MiAaPQ)EBC1823227 035 $a(Au-PeEL)EBL1823227 035 $a(CaPaEBR)ebr10959510 035 $a(CaONFJC)MIL654132 035 $a(OCoLC)894170585 035 $a(EXLCZ)993710000000268148 100 $a20141104h20142014 uy 0 101 0 $aeng 135 $aur|n|---||||| 181 $ctxt 182 $cc 183 $acr 200 10$aTrolls $ean unnatural history /$fJohn Lindow 210 1$aLondon :$cReaktion Books,$d2014. 210 4$dİ2014 215 $a1 online resource (162 p.) 300 $aDescription based upon print version of record. 311 $a1-78023-289-6 311 $a1-322-22852-3 320 $aIncludes bibliographical references and index. 327 $aCover; Trolls: An Unnatural History; Imprint Page; Contents; Introduction; 1. The Earliest Trolls; 2. Medieval Trolls; 3. Folklore Trolls; 4. Fairy-tale Trolls and Trolls Illustrated; 5. Trolls in Literature; 6. Trolls, Children, Marketing and Whimsy; Epilogue; Sources and Further Reading; Acknowledgements and Photo Acknowledgements; Index 330 $aTrolls lurk under bridges waiting to eat children, threaten hobbits in Middle-Earth, and invade the dungeons of Hogwarts. Often they are depicted as stupid, slow, and ugly creatures, but they also appear as comforting characters in some children's stories or as plastic dolls with bright, fuzzy hair. Today, the name of this fantastic being from Scandinavia has found a wider reach: it is the word for the homeless in California and slang for the antagonizing and sometimes cruel people on the Internet. But how did trolls go from folktales to the World Wide Web? To explain why trolls still hold our 606 $aTrolls 606 $aFolklore$zScandinavia 608 $aElectronic books. 615 0$aTrolls. 615 0$aFolklore 676 $a398.21 700 $aLindow$b John$0449618 801 0$bMiAaPQ 801 1$bMiAaPQ 801 2$bMiAaPQ 906 $aBOOK 912 $a9910460352303321 996 $aTrolls$91398209 997 $aUNINA LEADER 02671nam 2200577 450 001 9910797677803321 005 20230807193041.0 010 $a1-4968-0335-3 035 $a(CKB)3710000000473865 035 $a(EBL)4397093 035 $a(MiAaPQ)EBC4397093 035 $a(OCoLC)903812850 035 $a(MdBmJHUP)muse47261 035 $a(Au-PeEL)EBL4397093 035 $a(CaPaEBR)ebr11155625 035 $a(CaONFJC)MIL829329 035 $a(EXLCZ)993710000000473865 100 $a20160307h20152015 uy 0 101 0 $aeng 135 $aur|n|---||||| 181 $2rdacontent 182 $2rdamedia 183 $2rdacarrier 200 10$aUniting Mississippi $edemocracy and leadership in the South /$fEric Thomas Weber ; foreword by Governor William Winter 210 1$aJackson, [Mississippi] :$cUniversity Press of Mississippi,$d2015. 210 4$dİ2015 215 $a1 online resource (214 p.) 300 $aDescription based upon print version of record. 311 $a1-4968-0331-0 311 $a1-4968-0349-3 320 $aIncludes bibliographical references and index. 327 $aCover; Contents; Foreword; Introduction; 1. Rethinking Economic Growth; 2. Education in Mississippi; 3. Democratic Leadership-Definitions and Tools; 4. Wisdom Drawn from Intelligent Public Inquiry; 5. Courage for Experimental Inquiry and Action; 6. Moderation, Unity, and the Common Good; 7. Justice as Respect for the Dignity and Worth of All; 8. Policy Needs and Initiatives; Conclusion; Acknowledgments; Appendix 1 Choosing Civility: The Lemonade Lesson; Appendix 2 Cultural Divides: Barriers Remain to Educational Attainment; Appendix 3 Greening Industry and Green Industries in Mississippi 327 $aAppendix 4 Mississippians Are Ready for Comprehensive Sex Education: Social Science and Public Opinion Polls AgreeAppendix 5 Teachers Offer Hope for Mississippi; Appendix 6 Try Charter Schools Experiment Where Others Failing; Appendix 7 Violence Taught When Corporal Punishment Used; Notes; Bibliography; Index; A; B; C; D; E; F; G; H; I; J; K; L; M; N; O; P; Q; R; S; T; U; V; W 606 $aPoor$zMississippi 606 $aEducation$zMississippi 606 $aPolitical leadership$zMississippi 606 $aDemocracy$zMississippi 615 0$aPoor 615 0$aEducation 615 0$aPolitical leadership 615 0$aDemocracy 676 $a320.609762 700 $aWeber$b Eric Thomas$01481621 702 $aWilliam Winter$b Governor 801 0$bMiAaPQ 801 1$bMiAaPQ 801 2$bMiAaPQ 906 $aBOOK 912 $a9910797677803321 996 $aUniting Mississippi$93698676 997 $aUNINA